LEADER 01225 am 2200445 n 450 001 9910308050403321 005 20180726 010 $a2-37154-097-8 024 7 $a10.4000/books.iheal.4443 035 $a(CKB)4100000007549235 035 $a(FrMaCLE)OB-iheal-4443 035 $a(oapen)https://directory.doabooks.org/handle/20.500.12854/43375 035 $a(PPN)23405512X 035 $a(EXLCZ)994100000007549235 100 $a20190125j|||||||| ||| 0 101 0 $afre 135 $auu||||||m|||| 181 $ctxt$2rdacontent 182 $cc$2rdamedia 183 $acr$2rdacarrier 200 13$aLe climat des Antilles /$fPierre Pagney 210 $aParis $cÉditions de l?IHEAL$d2018 215 $a1 online resource (377-400 p.) 606 $aGeography 606 $agéographie physique 606 $aclimat 606 $aAntilles 610 $aclimat 610 $agéographie physique 610 $aAntilles 615 4$aGeography 615 4$agéographie physique 615 4$aclimat 615 4$aAntilles 700 $aPagney$b Pierre$0148237 801 0$bFR-FrMaCLE 906 $aBOOK 912 $a9910308050403321 996 $aLe climat des Antilles$93035195 997 $aUNINA LEADER 01191nam 2200373 450 001 9910720513003321 005 20230703155705.0 035 $a(CKB)5710000000123991 035 $a(NjHacI)995710000000123991 035 $a(EXLCZ)995710000000123991 100 $a20230703d2013 uy 0 101 0 $aeng 135 $aur||||||||||| 181 $ctxt$2rdacontent 182 $cc$2rdamedia 183 $acr$2rdacarrier 200 10$aAge-period-cohort analysis $enew models, methods, and empirical applications /$fYang Yang and Kenneth C. Land 210 1$aBoca Raton :$cCRC Press, Taylor and Francis Group,$d[2013] 215 $a1 online resource (xiii, 338 pages) 320 $aIncludes bibliographical references and index. 517 $aAge-Period-Cohort Analysis 606 $aCohort analysis 606 $aAge groups$xStatistical methods 615 0$aCohort analysis. 615 0$aAge groups$xStatistical methods. 676 $a001.42/2 700 $aYang$b Yang$0710870 702 $aLand$b Kenneth C. 801 0$bNjHacI 801 1$bNjHacl 906 $aBOOK 912 $a9910720513003321 996 $aAge-Period-Cohort Analysis$93251455 997 $aUNINA